000 00314nam a22001337a 4500
008 180913b xxu||||| |||| 00| 0 eng d
020 _a9780030981364
041 _aeng
080 _24 ED
_a339.138
100 _a61
101 _aMAR
245 _aExploring Marketing Research
_cZikmund.W.G
942 _2udc
_cBK
999 _c47734
_d47734